00854nam a2200241Ia 4500003000400000005001700004008004100021020001800062040001800080041000800098082001700106100002700123245006100150250001200211260003700223300002900260650003700289650004400326650003500370942002700405999001900432952016100451OSt20240925093628.0210716s2011 xx 000 0 und d a9780749462130 cAIMIT LIBRARY aeng a38221bBARC aBarrow, Colin.9180183 a30 day MBA in international business /cBy Colin Barrow. a1st ed. aNew Delhi :bKogan Page ,c2011. avii,300p. ;bPBc24.2 cm aGlobal business strategy9180184 aInernational marketing strategy9180185 aFinance and accounting9180186 2ddccBKe1stk382 BARC c208074d208074 00102ddc40708MBAaAIMITbAIMITd2013-09-12g395.00iBill no:1618; Bill dt:2013-05-20l0o382 BARCpMBA10640r2026-05-23 00:00:00v296.25w2021-07-16yBK